| 000 | 00429nam a22001217a 4500 | ||
|---|---|---|---|
| 082 | _aREF 338.00959 RES | ||
| 100 | _aStephen A. Resnick | ||
| 245 | _athe decline of rural industry under export expansion: a comparison among Burma, Philippines, and Thailand, 1870-1938 | ||
| 260 |
_aNew Heaven _bYale University Economic Growth Centre _c1970 |
||
| 300 |
_a73p _b; 24cm |
||
| 500 | _aIncludes bibliographical references | ||
| 942 | _cBK | ||
| 999 |
_c19716 _d19716 |
||